| 000 | 01162cam a2200241 4500 | ||
|---|---|---|---|
| 001 | ABS68823 | ||
| 008 | 050318n2005 000 0 eng u | ||
| 035 | _a(Sirsi) u129105 | ||
| 100 | _aReston, R. | ||
| 245 | _aEuro mediation | ||
| 260 | _c2005 | ||
| 490 |
_aSolicitors' Journal _v149(9) 4 March 2005, 248(1) |
||
| 520 | _aDiscusses the proposal for a directive on mediation in civil and commercial matters. The objective of this directive is to facilitate access to dispute resolution by promoting the use of mediation and ensuring a sound relationship between mediation and judicial proceedings. Argues that it will have little effect on disputes appearing before English courts as the current policy of attempting to resolve disputes by alternative dispute resolution is already an established part of the dispute resolution landscape. | ||
| 590 | _aABS | ||
| 650 | _aMEDIATION | ||
| 650 | _aGREEN PAPER ON ALTERNATIVE DISPUTE RESOLUTION IN CIVIL AND COMMERCIAL LAW | ||
| 650 | _aEUROPEAN UNION | ||
| 650 | _aALTERNATIVE DISPUTE RESOLUTION | ||
| 650 | _aMEDIATORS | ||
| 690 |
_aDispute resolution _96236 |
||
| 700 | _aSingh, S. | ||
| 942 | _n0 | ||
| 999 |
_c74946 _d74946 |
||